LEADER 01314nas 2200469-a 450 001 996217248903316 005 20240413012806.0 011 $a1727-4613 035 $a(CKB)1000000000022943 035 $a(CONSER)--2006243451 035 $a(DE-599)ZDB2109683-1 035 $a(EXLCZ)991000000000022943 100 $a20050406b20032010 --- - 101 0 $ager 181 $ctxt$2rdacontent 182 $cc$2rdamedia 183 $acr$2rdacarrier 200 00$aBlickpunkt der Mann 210 $aGablitz $cKrause & Pachernegg 215 $a1 online resource 311 08$aPrint version: Blickpunkt der Mann. 1727-0669 (DLC) 2006243451 (OCoLC)70166692 606 $aAndrology$vPeriodicals 606 $aMen$xPhysiology$vPeriodicals 606 $aHygiene 606 $aMen 606 $aAndrology 606 $aAndrology$2fast$3(OCoLC)fst00808593 606 $aMen$xPhysiology$2fast$3(OCoLC)fst01016018 608 $aPeriodicals. 608 $aPeriodicals.$2fast 615 0$aAndrology 615 0$aMen$xPhysiology 615 12$aHygiene. 615 12$aMen. 615 22$aAndrology. 615 7$aAndrology. 615 7$aMen$xPhysiology. 906 $aJOURNAL 912 $a996217248903316 920 $aexl_impl conversion 996 $aBlickpunkt der Mann$92271489 997 $aUNISA